000 003550000a22001450004500
005 20120302064105.0
942 _cBOOK
100 _a Bhagwat,Rajaram Sakharam
245 _a Punarjanmacha siddhanta va tanche vivaran
260 _aPune:Marathi Thiosphikal federation,1958.
300 _a159p.
040 _aMar
365 _b2/-
650 _aPunarjanma
999 _c361256
_d361253